| 000 | 00847nam a2200229 a 4500 | ||
|---|---|---|---|
| 001 | BRCA_4384 | ||
| 005 | 20190320204642.0 | ||
| 008 | 090725s2008 ag-a#####b---#000-0dspa-# | ||
| 020 | _a9789568529093 | ||
| 041 | _aspa | ||
| 044 | _aag | ||
| 050 | 4 |
_aND259.K3 _b.F75 2008 |
|
| 245 | 1 | 0 |
_aFrida y Diego _bvidas compartidas. |
| 260 |
_aSantiago de Chile _bFundación Centro Cultural Palacio La Moneda _cc2008 |
||
| 300 |
_a207 p. _bil. a color _c27 cm. |
||
| 500 | _aCatálogo de la exposición realizada en el Centro Cultural Palacio La Moneda (Santiago de Chile), 21 noviembre, 2008 - 28 febrero, 2009. | ||
| 504 | _aBibliografía: p. 61-64 | ||
| 600 | 1 | 4 |
_aKahlo, Frida _d1907-1954 _vExposiciones _911146 |
| 600 | 1 | 4 |
_aRivera, Diego _d1886-1957 _vExposiciones _94891 |
| 710 | 2 |
_aCentro Cultural Palacio La Moneda (Chile) _911147 |
|
| 942 |
_2lcc _cB |
||
| 999 |
_c4095 _d4095 |
||